000 01186nam a2200289 i 4500
001 183668
003 ES-MaACL
005 20240201133423.0
008 140917s2011 sp | |||||||| | spa d
020 _a978-84-936751-7-2 (Fundación Ibn Tufayl de Estudio Árabes)
020 _a978-84-86514-70-9 (CantArabia)
080 _a008(460=411.21)
100 1 _aMartínez Montávez, Pedro.
_978252
245 1 0 _aSignificado y símbolo de Al-Andalus /
_cPedro Martínez Montávez.
260 _a[Almería] :
_bFundación Ibn Tufayl de Estudio Árabes ;
_a[Madrid] :
_bCantArabia,
_cD.L. 2011.
300 _a412 p. ;
_c24 cm.
490 1 _aEstudios andalusíes ;
_v6
490 1 _aEstudios y ensayos ;
_v10 ;
_vCantArabia
500 _aÍndice onomástico.
651 7 _aAl-Andalus-
_xCivilización.
_97608
830 0 _aEstudios andalusíes ;
_v6
_9225012
830 0 _aEstudios y ensayos ;
_v10 ;
_vCantArabia
_9181863
852 _aES-MaACL
_jA-13251
_9190614
_bR.150078
_cDEPO1
_dOlim: N-6251
_gDedicatoria autógrafa del autor
_hDonación: Carlos Paris
903 _aParís, Carlos,
_d1925-2014
_q1
_ednr
_989133
942 _2udc
_cMONOGRAFIA
999 _c183668
_d183668